00647nam a2200193Ia 4500003000900000008004100009020001800050040001600068080001500084100002500099245010400124260004200228300001700270650002000287650002100307942000700328999001500335952010300350IN-BaIIA211028s9999 xx 000 0 eng d a90-277-0635-2 cIIA Library a530.1bMEH aMehra, Jagdish98467 4aThe Solvay conferences on physicsbaspects of the development of physics since 1911cJagadish Mehra aDordrechtbD. Reidel Publishingc1975 axxxii, 415p. a Physics97977 aNASA Thesaurus  cBK c5046d5046 00104070aBANbBANcGENd1976-10-08l0o530.1/ MEHp5636r2021-11-05w1976-10-08yBKGDFL 150.00